<?xml version="1.0" encoding="UTF-8"?>
<collection xmlns="http://www.loc.gov/MARC21/slim">
  <record>
    <leader>00000nam  2200000   4500</leader>
    <controlfield tag="001">INLIS000000000019907</controlfield>
    <controlfield tag="005">20250430113312</controlfield>
    <datafield tag="035" ind1="#" ind2="#">
      <subfield code="a">0010-0425000250</subfield>
    </datafield>
    <controlfield tag="007">ta</controlfield>
    <controlfield tag="008">250430################g##########0#ind##</controlfield>
    <datafield tag="020" ind1="#" ind2="#">
      <subfield code="a">979 8001 11 7</subfield>
    </datafield>
    <datafield tag="082" ind1="#" ind2="#">
      <subfield code="a">519.202 46</subfield>
    </datafield>
    <datafield tag="084" ind1="#" ind2="#">
      <subfield code="a">519.202 46 WAL i</subfield>
    </datafield>
    <datafield tag="100" ind1=" " ind2="#">
      <subfield code="a">Walpole, Ronald E.</subfield>
    </datafield>
    <datafield tag="245" ind1="1" ind2="#">
      <subfield code="a">Ilmu Peluang dan Statistika untuk Insinyur dan Ilmuwan /</subfield>
      <subfield code="c">Ronald E. Walpole, Raymond H Myers</subfield>
    </datafield>
    <datafield tag="250" ind1="#" ind2="#">
      <subfield code="a">Cetakan ke 2</subfield>
    </datafield>
    <datafield tag="260" ind1="#" ind2="#">
      <subfield code="a">Bandung :</subfield>
      <subfield code="b">ITB,</subfield>
      <subfield code="c">1986</subfield>
    </datafield>
    <datafield tag="300" ind1="#" ind2="#">
      <subfield code="a">13a, 621 halaman :</subfield>
      <subfield code="b">ilus ;</subfield>
      <subfield code="c">21 cm</subfield>
    </datafield>
    <datafield tag="650" ind1="#" ind2="4">
      <subfield code="a">Matematika</subfield>
    </datafield>
    <datafield tag="650" ind1="#" ind2="4">
      <subfield code="a">Peluang</subfield>
    </datafield>
    <datafield tag="700" ind1=" " ind2="#">
      <subfield code="a">Raymond H Myers</subfield>
    </datafield>
    <datafield tag="520" ind1="#" ind2="#">
      <subfield code="a">Buku ini dimaksudkan sebagai pendahuluan teori peluang dan statistika bagi mahasiswa jurusan teknik, matematika, statistika atau salah satu ilmu pengetahuan alam. Beberapa bab disediakan untuk kuliah satu semester dengan 3 jam seminggu. Bagi mahasiswa yang hendak melanjutkan pelajaran statistikanya satu semester lagi, bab sisanya merupakan pendahuluan yang amat baik tentang teori regresi, model linear. metode analisis variansi, serta rancangan analisis percobaan berfaktor. &#13;
Di sepanjang buku ini setiap gagasan baru diperkenalkan dengan suatu contoh. Pada akhir setiap bab disediakan banyak sekian soal, baik mengenai teori maupun terapan. Hanya dengan banyak-banyak berlatih dapat diharapkan mahasiswa mengembangkan pemahaman tentang konsep dasar teori peluang dan statistika.</subfield>
    </datafield>
    <datafield tag="990" ind1="#" ind2="#">
      <subfield code="a">04058212</subfield>
    </datafield>
  </record>
</collection>
